| 000 | 00340nam a2200133Ia 4500 | ||
|---|---|---|---|
| 005 | 20251222143124.0 | ||
| 008 | 251222s9999||||xx |||||||||||||| ||spa|| | ||
| 020 | _a84-9704-117-8 | ||
| 082 | _a025.1/C79 | ||
| 100 | _aCordén Arroyo, Ana María | ||
| 245 | 0 | _aEmpresas documentales de gestión de archivos: | |
| 264 | _bTrea | ||
| 942 | _cLIB | ||
| 999 |
_c11673 _d11673 |
||